Terapung dan tenggelam

Bibliographic Details
Main Author: Challoner, Jack
Format: Book
Published: Petaling Jaya : Flo Enterprise Sdn.Bhd. , 1996
Subjects:

MARC

LEADER 00000cam a2200000 7i4500
001 0000007212
002 000007757
005 20000330.0
020 |a 9679713083 
090 0 0 |a 500   |b CHA 
100 0 |a Challoner, Jack 
245 1 0 |a Terapung dan tenggelam   |c Jack Challoner 
260 |a Petaling Jaya :   |b Flo Enterprise Sdn.Bhd. ,   |c 1996 
300 |a 32 p. :   |b ill. ;   |c 25 cm. 
650 0 0 |a Science   |x Juvenile literature 
999 |a 053384   |b BUKU   |c PINJAMAN   |e PERPUSTAKAAN KOMUNITI PETALING JAYA 
999 |a 053385   |b BUKU   |c PINJAMAN   |e PERPUSTAKAAN KOMUNITI PETALING JAYA 
999 |a 053386   |b BUKU   |c PINJAMAN   |e PERPUSTAKAAN KOMUNITI PETALING JAYA